| 000 | 00713nam a2200229Ia 4500 | ||
|---|---|---|---|
| 003 | OSt | ||
| 005 | 20221005111701.0 | ||
| 006 | a|||||r|||| 00| 0 | ||
| 007 | ta | ||
| 008 | 221004b |||||||| |||| 00| 0 san d | ||
| 024 | _a1793 | ||
| 037 | _cTextual | ||
| 040 |
_aCRL _cCRL _bsan |
||
| 041 |
_2san _asan |
||
| 082 | _aR625,13x4,1, M4 | ||
| 100 | _aभट्टाचार्य, गदाधर | ||
| 245 | 0 | _aशक्तिवाद | |
| 246 | _aShaktivāda | ||
| 260 |
_aबनारस _bचौखम्बा संस्कृत सीरीज _c1984 |
||
| 942 |
_hR625,13x4,1, M4 _cTEXL _2cc |
||
| 999 |
_c1022575 _d1022575 |
||